000 00327nam a22001337a 4500
999 _c13674
_d13674
020 _a9781118968857
082 _a338.9
100 _aKristen A. Hite ; John L. Seitz
245 _aGlobal Issues An Introduction
250 _aFifth Edition
260 _aUK
_bJohn Wiley & Sons
_c2016
300 _axviii, 335 pages
942 _cBK